| 000 | 00509nam a2200169Ia 4500 | ||
|---|---|---|---|
| 005 | 20240723032421.0 | ||
| 008 | 240331s9999 xx 000 0 und d | ||
| 020 | _a9552400228 | ||
| 082 |
_a291.237 _bSUG |
||
| 100 | _aSugatananda, Anagaklika | ||
| 245 | 0 |
_aRebirthas Doctrine and Experience : _bEssays and Case Studies Introductionby Ln Stevenson,M .D. |
|
| 260 |
_aKandy _bBuddhist Publication Society _c1975 |
||
| 300 | _axv, 278 p ., ( V II) | ||
| 650 | _aRebirth Cases | ||
| 650 | _aBuddhist | ||
| 942 | _cL | ||
| 999 |
_c866 _d866 |
||